Advanced concepts for renewable energy supply of data centres / (Record no. 170782)

MARC details
000 -LEADER
fixed length control field 01129nam a22003017a 4500
003 - CONTROL NUMBER IDENTIFIER
control field OSt
005 - DATE AND TIME OF LATEST TRANSACTION
control field 20250618145747.0
008 - FIXED-LENGTH DATA ELEMENTS--GENERAL INFORMATION
fixed length control field 240209b |||||||| |||| 00| 0 eng d
020 ## - INTERNATIONAL STANDARD BOOK NUMBER
International Standard Book Number 9788793519428 (Hardback)
Terms of availability USD 84.00
040 ## - CATALOGING SOURCE
Original cataloging agency NUST
Language of cataloging eng
Transcribing agency NUST
Modifying agency NUST
Description conventions rda
050 ## - LIBRARY OF CONGRESS CALL NUMBER
Classification number KF26 ADV
245 ## - TITLE STATEMENT
Title Advanced concepts for renewable energy supply of data centres /
Statement of responsibility, etc. edited by Jaume Salom, Thorsten Urbaneck and Eduard Oro.
260 ## - PUBLICATION, DISTRIBUTION, ETC.
Place of publication, distribution, etc. Denmark :
Name of publisher, distributor, etc. River Publishers,
Date of publication, distribution, etc. ©2017.
300 ## - PHYSICAL DESCRIPTION
Extent xl, 296 pages :
Other physical details illustrations (some color)
Dimensions 24 cm.
336 ## - CONTENT TYPE
Source rdamedia
Content type term text
Content type code txt
337 ## - MEDIA TYPE
Source rdamedia
Media type term unmediated
Media type code n
338 ## - CARRIER TYPE
Source rdamedia
Carrier type term volume
Carrier type code nc
440 ## - SERIES STATEMENT/ADDED ENTRY--TITLE
Title River publishing series in renewable energy
504 ## - BIBLIOGRAPHY, ETC. NOTE
Bibliography, etc. note Includes bibliographical references and index.
650 ## - SUBJECT ADDED ENTRY--TOPICAL TERM
General subdivision Technology
650 ## - SUBJECT ADDED ENTRY--TOPICAL TERM
General subdivision Mechanical engineering and machinery 
650 ## - SUBJECT ADDED ENTRY--TOPICAL TERM
General subdivision Mechanical engineering and machinery
650 ## - SUBJECT ADDED ENTRY--TOPICAL TERM
General subdivision Renewable energy sources
700 ## - ADDED ENTRY--PERSONAL NAME
Personal name Salom, Jaume
Relator term Editor
700 ## - ADDED ENTRY--PERSONAL NAME
Personal name Urbaneck, Thorsten
Relator term Editor
700 ## - ADDED ENTRY--PERSONAL NAME
Personal name Oro, Eduard
Relator term Editor
942 ## - ADDED ENTRY ELEMENTS (KOHA)
Source of classification or shelving scheme Library of Congress Classification
Koha item type Ordinary Loan Books
Suppress in OPAC No
Classification part KF26 ADV
Call number prefix KF
Call number suffix ADV
Holdings
Withdrawn status Lost status Source of classification or shelving scheme Damaged status Not for loan Collection Home library Current library Shelving location Date acquired Source of acquisition Cost, normal purchase price Total Checkouts Full call number Barcode Date last seen Accession number Cost, replacement price Price effective from Koha item type Public note
    LCC     NFIC MAIN MAIN GEN 06/02/2025 Book Aid International 84.00   KF26 ADV 92004053209 06/02/2025 61145 84.00 06/02/2025 BOOKS Donation